| 000 | 00359 a2200145 4500 | ||
|---|---|---|---|
| 001 | 22721 | ||
| 082 | _a669VLA | ||
| 090 |
_c15360 _d15360 |
||
| 100 | _aVlack, Lawrence H Van | ||
| 245 |
_aElements of Materials Science, 2nd Ed _cLawrence H Van Vlack |
||
| 250 | _a2 | ||
| 260 |
_aLondon _bWesley _c1964 |
||
| 300 | _a445 p. | ||
| 500 | _aBE textbook Aerospace | ||
| 942 |
_aNUST-CAE _k669VLA |
||
| 999 |
_c257794 _d257794 |
||